La economía social desde la periferia (Registro nro. 7096)
[ vista simple ]
| 000 -LEADER | |
|---|---|
| fixed length control field | 02237 a2200229 4500 |
| 001 - CONTROL NUMBER | |
| control field | 60654 |
| 005 - DATE AND TIME OF LATEST TRANSACTION | |
| control field | 20260407155858.0 |
| 008 - FIXED-LENGTH DATA ELEMENTS--GENERAL INFORMATION | |
| fixed length control field | 260407a2014 arg spa d |
| 003 - CONTROL NUMBER IDENTIFIER | |
| control field | AR-UNSa-BCEJYS |
| 040 ## - CATALOGING SOURCE | |
| Original cataloging agency | AR-UNSa-BCEJYS |
| Language of cataloging | spa |
| Transcribing agency | AR-UNSa-BCEJYS |
| 080 ## - UNIVERSAL DECIMAL CLASSIFICATION NUMBER | |
| Universal Decimal Classification number | 330.342.146 |
| Common auxiliary subdivision | Economía social de mercado. Economía del estado del bienestar<br/> |
| 020 ## - INTERNATIONAL STANDARD BOOK NUMBER | |
| International Standard Book Number | 978-987-630-174-9 |
| 041 ## - LANGUAGE CODE | |
| Language code of text/sound track or separate title | spa |
| 100 1# - MAIN ENTRY--PERSONAL NAME | |
| Personal name | Coraggio, José Luis |
| 245 10 - TITLE STATEMENT | |
| Title | La economía social desde la periferia |
| Name of part/section of a work | Contribuciones latinoamericanas |
| 264 #1 - PRODUCTION, PUBLICATION, DISTRIBUTION, MANUFACTURE, AND COPYRIGHT NOTICE | |
| Place of production, publication, distribution, manufacture | Los Polvorines : |
| Name of producer, publisher, distributor, manufacturer | Universidad Nacional de General Sarmiento |
| Date of production, publication, distribution, manufacture, or copyright notice | 2014 |
| 300 ## - PHYSICAL DESCRIPTION | |
| Extent | 413 p. |
| Dimensions | 22 cm. |
| 505 ## - FORMATTED CONTENTS NOTE | |
| Formatted contents note | 1. Economía solidaría. Un modo de producción y distribución / Paul Singer - 2. La economía solidaria y el capitalismo en la perspectiva de las transacciones históricas / Luiz Inácio Gaiger – 3. La economía popular, asociativa y autogestionaria / Orlando Núñez S. – 4. ¿Sistemas alternativos de producción? / Aníbal Quijano – 5. Una perspectiva alternativa para la economía social: de la economía popular a la economía del trabajo / José Luis Coraggio – 6. Pedagogía (s) de la producción asociada: ¿hacia dónde camina la economía popular? / Lía Tiriba – 7. Posibilidades y límites de la economía solidaria latinoamericana / Mario Pochmann – 8. Economía solidaria y la nueva centralidad del trabajo asociado / Pedro Cláudio Cunca Bocayuva – 9. ¿Es posible otra economía? El caso de las asambleas vecinales y la recuperación de empresas en la Argentina reciente / Alberto M. Federico-Sabaté – 10. La economía de solidaridad: concepto, realidad y proyecto / Luis Razeto Migliaro – 11. Un mundo diferente es posible. La reconstrucción del régimen de propiedad desde abajo, en la perspectiva de la vida y del bien común / Ulrich Duchrow y Franz J. Hinkelammert – 12. Economía solidaria: una reflexión a la luz de la ética cristiana / Armando de Melo Lisboa – 13. Sentido ético de la rebelión maya de 1994 en Chiapas (Dos “juegos de lenguaje”) / Enrique Dussel - |
| 590 ## - LOCAL NOTE (RLIN) | |
| Local note | niveau_biblio:m niveau_hierar:0 |
| 856 41 - ELECTRONIC LOCATION AND ACCESS | |
| Uniform Resource Identifier | <a href="https://www.biblioeco.unsa.edu.ar/pmb/images/libros/L129290.jpg">https://www.biblioeco.unsa.edu.ar/pmb/images/libros/L129290.jpg</a> |
| Link text | Imagen de portada |
| Electronic format type | image/jpeg |
| 942 ## - ADDED ENTRY ELEMENTS (KOHA) | |
| Koha item type | |
| Withdrawn status | Lost status | Damaged status | Not for loan | Home library | Current library | Shelving location | Date acquired | Total checkouts | Full call number | Barcode | Date last seen | Price effective from | Koha item type | Public note |
|---|---|---|---|---|---|---|---|---|---|---|---|---|---|---|
| Biblioteca Prof. Eusebio Cleto del Rey | Biblioteca Prof. Eusebio Cleto del Rey | 07/04/2026 | 330.342.146 C787 | L129290 | 07/04/2026 | 07/04/2026 | Libro | LAPICERA - RESALTADOR - CANTO MANCHADO - |